000 00326nam a2200157Ia 4500
100 _aLynch/Nancy A
650 _aAlgorithms
942 _cBK
366 _f25
245 _aDistributed Algorithms
260 _bMorgan Kaufmann
_c1996
082 _a5.1
_bLYN
300 _a872
546 _aENGLISH
_cComputers
999 _c25794
_d25794